00654nam a2200229 a 4500001001300000003000900013005001700022008004100039020000800080082001600088100001100104245003000115260006100145300000900206500003500215650001800250700001100268902000800279942000700287952011300294999001700407nice12345678IN_TiNIC20260116014406.0130107s2004 dhaa grp 000 0 eng  ac000a951.5bTIB2 aTipa,  aTibetan Traditional Dress aDharamsala bTibetan Institute of Performing Arts c2004 a54P  aincludes index and biblioraphy aTibet-Culture1 aTipa,  bSRS cBK 001040708StackRoom-aHMIbHMId2013-01-07g0.00l0o951.5 TIB2p024006r2013-01-07v0.00w2013-01-07yBK c15092d15092